[Event "London TechM GCL"]
[Site "London"]
[Date "2024.10.06"]
[Round "5.1"]
[White "Tan, Zhongyi"]
[Black "Hou, Yifan"]
[Result "1-0"]
[WhiteElo "2551"]
[BlackElo "2633"]
[PlyCount "95"]
[EventDate "2024.10.03"]
[EventType "team-tourn (rapid)"]
[EventRounds "10"]
[EventCountry "ENG"]
[SourceTitle "CB42_2024"]
[Source "ChessBase"]
[SourceDate "2024.10.16"]
[SourceVersion "1"]
[SourceVersionDate "2024.10.16"]
[SourceQuality "1"]
[WhiteTeam "PBG Alaskan Knights"]
[BlackTeam "Alpine Sg Pipers"]
[WhiteTeamCountry "USA"]
[BlackTeamCountry "SIN"]

1. d4 d5 2. c4 e6 3. Nf3 Nf6 4. e3 a6 5. b3 b6 6. Bd3 Bb7 7. 0-0 Bd6 8. cxd5 exd5 9. Ba3 Bxa3 10. Nxa3 Qd6 11. Nb1 0-0 12. Nbd2 a5 13. Qc2 Ba6 14. Rfc1 Bxd3 15. Qxd3 Nbd7 16. Rc2 Rfe8 17. Rac1 c5 18. h3 a4 19. Rd1 Qe7 20. Nb1 axb3 21. axb3 h6 22. Nc3 Rec8 23. dxc5 Nxc5 24. Qb5 Qb7 25. Nd4 Nce4 26. Rdc1 Rc5 27. Qb4 Nxc3 28. Rxc3 Rxc3 29. Qxc3 Ne4 30. Qc2 Nc5 31. b4 Ne4 32. g3 Nd6 33. b5 Rc8 34. Nc6 Qd7 35. Qd3 Qe6 36. Qd4 Re8 37. Qxb6 Ne4 38. Qd4 Ng5 39. Qd1 Nxh3+ 40. Kg2 Ng5 41. Nd4 Qh3+ 42. Kg1 h5 43. Nf3 Ne4 44. Qxd5 Nxg3 45. fxg3 Qxg3+ 46. Kf1 Rxe3 47. Rc8+ Kh7 48. Qf5+ 1-0

[Event "London TechM GCL"]
[Site "London"]
[Date "2024.10.05"]
[Round "4.2"]
[White "Tan, Zhongyi"]
[Black "Vaishali, Ramesh Babu"]
[Result "1-0"]
[WhiteElo "2551"]
[BlackElo "2487"]
[PlyCount "119"]
[EventDate "2024.10.03"]
[EventType "team-tourn (rapid)"]
[EventRounds "10"]
[EventCountry "ENG"]
[SourceTitle "CB42_2024"]
[Source "ChessBase"]
[SourceDate "2024.10.16"]
[SourceVersion "1"]
[SourceVersionDate "2024.10.16"]
[SourceQuality "1"]
[WhiteTeam "PBG Alaskan Knights"]
[BlackTeam "Ganges Grandmasters"]
[WhiteTeamCountry "USA"]
[BlackTeamCountry "IND"]

1. d4 Nf6 2. c4 c5 3. e3 e6 4. Nf3 cxd4 5. exd4 Bb4+ 6. Nbd2 0-0 7. a3 Be7 8. Bd3 b6 9. 0-0 Bb7 10. b3 d5 11. Re1 Nc6 12. Bb2 dxc4 13. bxc4 Rc8 14. Qe2 g6 15. Rad1 Nh5 16. d5 exd5 17. cxd5 Qxd5 18. Bc4 Qf5 19. Nd4 Qg5 20. N4f3 Qf5 21. Ne4 Na5 22. Ba2 Bxe4 23. Nd4 Qg5 24. Qxe4 Bf6 25. Bc1 Qh4 26. g4 Ng7 27. Nf3 Qh3 28. Qf4 Rc6 29. Rd7 h5 30. Nd4 Rxc1 31. Rxc1 Qxg4+ 32. Qxg4 hxg4 33. Nb5 Ne6 34. Bxe6 fxe6 35. Nd6 Bd4 36. Ne4 Be5 37. Re7 Nb3 38. Re1 Nd4 39. Kg2 Nf3 40. Re2 Nh4+ 41. Kf1 Bxh2 42. Ke1 Rc8 43. Kd1 Nf3 44. Rxe6 Kg7 45. Re7+ Kh6 46. Rxa7 Bf4 47. Rc2 Rd8+ 48. Ke2 Nd4+ 49. Kd3 Nxc2+ 50. Kxc2 Rd4 51. Nf6 Rc4+ 52. Kd3 Rc5 53. Nxg4+ Kg5 54. Ne3 Bxe3 55. fxe3 Rd5+ 56. Ke4 Rc5 57. Ra4 Rb5 58. Rb4 Ra5 59. Rxb6 Rxa3 60. Rb5+ 1-0

[Event "London TechM GCL"]
[Site "London"]
[Date "2024.10.04"]
[Round "2.2"]
[White "Tan, Zhongyi"]
[Black "Assaubayeva, Bibissara"]
[Result "1-0"]
[WhiteElo "2551"]
[BlackElo "2487"]
[PlyCount "115"]
[EventDate "2024.10.03"]
[EventType "team-tourn (rapid)"]
[EventRounds "10"]
[EventCountry "ENG"]
[SourceTitle "CB42_2024"]
[Source "ChessBase"]
[SourceDate "2024.10.16"]
[SourceVersion "1"]
[SourceVersionDate "2024.10.16"]
[SourceQuality "1"]
[WhiteTeam "PBG Alaskan Knights"]
[BlackTeam "American Gambits"]
[WhiteTeamCountry "USA"]
[BlackTeamCountry "USA"]

1. d4 Nf6 2. Nc3 d5 3. Bf4 a6 4. e3 e6 5. Nf3 Bd6 6. Bd3 c5 7. dxc5 Bxf4 8. exf4 Qc7 9. Ne2 Qxc5 10. 0-0 0-0 11. Ned4 Qc7 12. Qd2 Nbd7 13. Rfe1 Nc5 14. Ne5 b5 15. Re3 Nce4 16. Qe2 Qb6 17. c3 b4 18. Rh3 a5 19. Ndc6 Re8 20. Bxe4 dxe4 21. c4 Bb7 22. Qe3 Qc7 23. Nd4 Red8 24. Nb5 Qe7 25. Qg3 Rd2 26. Qh4 Rad8 27. Rf1 Kf8 28. Rg3 h6 29. Ng4 Nd5 30. Qxe7+ Nxe7 31. Rb3 Nc6 32. a4 R8d3 33. Rxd3 exd3 34. Rb1 Ba6 35. Ne3 Ke7 36. Kf1 Bxb5 37. cxb5 Nd4 38. b6 Kd7 39. Rc1 Nc2 40. Nc4 Re2 41. Ne5+ Rxe5 42. fxe5 b3 43. Rd1 Nb4 44. Ke1 Kc6 45. Kd2 Kxb6 46. Rc1 f6 47. exf6 gxf6 48. Rc4 Nc6 49. Rh4 Ne5 50. Rxh6 Ng4 51. Rg6 Nxf2 52. h4 Kc5 53. Ke3 Nd1+ 54. Kxd3 Nxb2+ 55. Kc3 Nxa4+ 56. Kxb3 Nb6 57. h5 a4+ 58. Ka3 1-0

[Event "London TechM GCL"]
[Site "London"]
[Date "2024.10.04"]
[Round "3.1"]
[White "Tan, Zhongyi"]
[Black "Koneru, Humpy"]
[Result "1/2-1/2"]
[WhiteElo "2551"]
[BlackElo "2530"]
[PlyCount "98"]
[EventDate "2024.10.03"]
[EventType "team-tourn (rapid)"]
[EventRounds "10"]
[EventCountry "ENG"]
[SourceTitle "CB42_2024"]
[Source "ChessBase"]
[SourceDate "2024.10.16"]
[SourceVersion "1"]
[SourceVersionDate "2024.10.16"]
[SourceQuality "1"]
[WhiteTeam "PBG Alaskan Knights"]
[BlackTeam "Mumba Masters"]
[WhiteTeamCountry "USA"]
[BlackTeamCountry "IND"]

1. d4 Nf6 2. Nc3 d5 3. Bf4 a6 4. e3 h6 5. Nf3 e6 6. Be2 c5 7. 0-0 Nc6 8. h3 Bd6 9. dxc5 Bxc5 10. Nd4 Bd6 11. Bxd6 Qxd6 12. Na4 Ne7 13. c4 dxc4 14. Nc3 0-0 15. Bxc4 b5 16. Be2 Bb7 17. Nb3 Qb6 18. Qd4 Qxd4 19. Nxd4 Rfc8 20. Rac1 Kf8 21. f3 Ned5 22. Nxd5 Nxd5 23. Kf2 Ke7 24. Rfd1 Rxc1 25. Rxc1 Rc8 26. Rxc8 Bxc8 27. e4 Nf4 28. Bf1 e5 29. Nc2 Kd6 30. h4 h5 31. Ke3 Ne6 32. g3 g6 33. a3 Bd7 34. Nb4 a5 35. Nd3 f6 36. f4 Nc5 37. Nxc5 Kxc5 38. Be2 exf4+ 39. gxf4 Be8 40. f5 gxf5 41. exf5 b4 42. axb4+ Kxb4 43. Bd1 Kc4 44. Ke4 Bc6+ 45. Ke3 Be8 46. Ke4 Bc6+ 47. Ke3 Be8 48. Ke4 Bc6+ 49. Ke3 Be8 1/2-1/2

[Event "London TechM GCL"]
[Site "London"]
[Date "2024.10.03"]
[Round "1.3"]
[White "Kosteniuk, Alexandra"]
[Black "Tan, Zhongyi"]
[Result "1/2-1/2"]
[WhiteElo "2480"]
[BlackElo "2551"]
[PlyCount "112"]
[EventDate "2024.10.03"]
[EventType "team-tourn (rapid)"]
[EventRounds "10"]
[EventCountry "ENG"]
[SourceTitle "CB42_2024"]
[Source "ChessBase"]
[SourceDate "2024.10.16"]
[SourceVersion "1"]
[SourceVersionDate "2024.10.16"]
[SourceQuality "1"]
[WhiteTeam "Triveni Continental Kings"]
[BlackTeam "PBG Alaskan Knights"]
[WhiteTeamCountry "ENG"]
[BlackTeamCountry "USA"]

1. Nf3 d5 2. g3 c5 3. Bg2 Nc6 4. d4 Nf6 5. 0-0 cxd4 6. Nxd4 e5 7. Nxc6 bxc6 8. c4 Be6 9. Qa4 Qd7 10. Nc3 Rc8 11. Bg5 d4 12. Rad1 Be7 13. e3 0-0 14. exd4 exd4 15. Bxf6 Bxf6 16. Ne4 c5 17. Nxf6+ gxf6 18. Qc2 Bg4 19. Rde1 Rfe8 20. Qd2 Kg7 21. Re4 Rxe4 22. Bxe4 Re8 23. f3 Bf5 24. Qf4 Bg6 25. b3 d3 26. Qe3 Qd6 27. Rd1 Bxe4 28. fxe4 Rd8 29. Rd2 a5 30. Kg2 Qe5 31. Rxd3 Qb2+ 32. Kh3 Rxd3 33. Qxd3 Qxa2 34. Qf3 Qc2 35. Qg4+ Kh6 36. Qf5 Kg7 37. Qg4+ Kh6 38. Qf4+ Kg6 39. Qf5+ Kg7 40. Qg4+ Kh6 41. Qf4+ Kg6 42. Qf5+ Kg7 43. Qxc5 Qxb3 44. e5 a4 45. exf6+ Kxf6 46. Qd4+ Kg6 47. Qg4+ Kf6 48. Qd4+ Kg6 49. Qe4+ Kg7 50. Qe5+ Kg6 51. Qd6+ f6 52. Qd5 a3 53. Qg8+ Kh6 54. Qf8+ Kg6 55. Qg8+ Kh6 56. Qf8+ Kg6 1/2-1/2

[Event "Julius Baer WSCC Blitz"]
[Site "Chess.com INT"]
[Date "2024.08.23"]
[Round "1.2"]
[White "Shuvalova, Polina"]
[Black "Tan, Zhongyi"]
[Result "0-1"]
[WhiteElo "2487"]
[BlackElo "2545"]
[PlyCount "170"]
[EventDate "2024.08.22"]
[EventType "k.o. (blitz)"]
[EventRounds "16"]
[EventCountry "GER"]
[SourceTitle "CBM 221 Extra"]
[Source "ChessBase"]
[SourceDate "2024.09.30"]
[SourceVersion "1"]
[SourceVersionDate "2024.09.30"]
[SourceQuality "1"]

1. d4 d5 2. c4 e6 3. Nf3 a6 4. cxd5 exd5 5. Nc3 Nf6 6. Bg5 Be6 7. e3 h6 8. Bh4 Nbd7 9. Bd3 Bd6 10. Bg3 Bxg3 11. hxg3 c6 12. Nh4 Qb6 13. Qc2 0-0-0 14. Nf5 g6 15. Ng7 Bg4 16. f3 Rhg8 17. fxg4 Rxg7 18. Qe2 h5 19. gxh5 gxh5 20. Rh3 Rdg8 21. 0-0-0 Rxg3 22. Rxg3 Rxg3 23. Qf2 Qc7 24. Re1 Rg5 25. Rf1 Qg3 26. Bf5 Kd8 27. Bh3 Qxf2 28. Rxf2 Ke7 29. Kd2 Ng4 30. Rf4 f5 31. Ne2 Ndf6 32. Nc3 Ke6 33. b4 Rg8 34. Kd3 b5 35. Rf1 a5 36. bxa5 Ra8 37. a4 b4 38. Na2 Rxa5 39. Nxb4 Rxa4 40. Nc2 Ne4 41. Bxg4 hxg4 42. Rb1 Ra6 43. Rb8 c5 44. dxc5 Nxc5+ 45. Kc3 Ne4+ 46. Kd3 Ra2 47. Rb6+ Ke5 48. Rb5 Nf2+ 49. Kc3 Ke4 50. Rb4+ Ke5 51. Rb5 Ra8 52. Nb4 Rc8+ 53. Kd2 Ne4+ 54. Kd3 Nf6 55. Nc2 g3 56. Nb4 Ra8 57. Ke2 Ra3 58. Kf3 Rc3 59. Ra5 f4 60. Ke2 Rxe3+ 61. Kd2 Re4 62. Nc6+ Kf5 63. Rb5 Rc4 64. Ne7+ Ke6 65. Ng6 Rd4+ 66. Ke2 Re4+ 67. Kf3 Kf5 68. Nh4+ Kg5 69. Rxd5+ Kxh4 70. Rf5 Re3+ 71. Kxf4 Re1 72. Rxf6 Rf1+ 73. Ke5 Rf2 74. Rg6 Rxg2 75. Kf4 Rf2+ 76. Ke3 Kh3 77. Ra6 Kg2 78. Ra1 Rf1 79. Ra2+ Kg1 80. Ra8 g2 81. Rg8 Re1+ 82. Kf3 Rf1+ 83. Kg3 Ra1 84. Kh3 Ra3+ 85. Kh4 Kh2 0-1

[Event "Julius Baer WSCC Blitz"]
[Site "Chess.com INT"]
[Date "2024.08.23"]
[Round "1.4"]
[White "Shuvalova, Polina"]
[Black "Tan, Zhongyi"]
[Result "0-1"]
[WhiteElo "2487"]
[BlackElo "2545"]
[PlyCount "100"]
[EventDate "2024.08.22"]
[EventType "k.o. (blitz)"]
[EventRounds "16"]
[EventCountry "GER"]
[SourceTitle "CBM 221 Extra"]
[Source "ChessBase"]
[SourceDate "2024.09.30"]
[SourceVersion "1"]
[SourceVersionDate "2024.09.30"]
[SourceQuality "1"]

1. Nf3 d5 2. g3 c5 3. Bg2 Nc6 4. d4 Nf6 5. 0-0 cxd4 6. Nxd4 e5 7. Nxc6 bxc6 8. c4 Be6 9. Qa4 Qd7 10. Nc3 Rc8 11. cxd5 cxd5 12. Qxd7+ Kxd7 13. Rd1 Bc5 14. Bg5 Ng4 15. e3 h6 16. h3 hxg5 17. hxg4 d4 18. Ne4 Bb6 19. Nxg5 Bxg4 20. Nxf7 Bxd1 21. Rxd1 Rhe8 22. Bh3+ Ke7 23. Bxc8 Kxf7 24. Bb7 dxe3 25. fxe3 Bxe3+ 26. Kg2 Bd4 27. b3 Ke7 28. Rc1 Rf8 29. Rc2 g5 30. Be4 Kd6 31. Bf3 Rf7 32. Rc6+ Ke7 33. Rg6 Be3 34. a3 Rf6 35. Rg7+ Kd6 36. b4 Rf8 37. Rg6+ Ke7 38. Rc6 Rd8 39. Kh3 Rd3 40. a4 Rd4 41. Rc7+ Kf6 42. Rb7 e4 43. Bg2 Bf2 44. Kg4 e3+ 45. Kf3 g4+ 46. Ke2 Rd2+ 47. Kf1 Rd1+ 48. Ke2 Rd2+ 49. Kf1 Bxg3 50. Rxa7 e2+ 0-1

[Event "Julius Baer WSCC Blitz"]
[Site "Chess.com INT"]
[Date "2024.08.23"]
[Round "1.6"]
[White "Shuvalova, Polina"]
[Black "Tan, Zhongyi"]
[Result "1-0"]
[WhiteElo "2487"]
[BlackElo "2545"]
[PlyCount "125"]
[EventDate "2024.08.22"]
[EventType "k.o. (blitz)"]
[EventRounds "16"]
[EventCountry "GER"]
[SourceTitle "CBM 221 Extra"]
[Source "ChessBase"]
[SourceDate "2024.09.30"]
[SourceVersion "1"]
[SourceVersionDate "2024.09.30"]
[SourceQuality "1"]

1. e4 e5 2. Nf3 Nc6 3. Nc3 Nf6 4. Bb5 Nd4 5. 0-0 c6 6. Bd3 Nxf3+ 7. Qxf3 d6 8. Be2 g6 9. d3 Nh5 10. Be3 Bg7 11. Rad1 0-0 12. d4 f5 13. dxe5 Bxe5 14. Bd4 fxe4 15. Qxe4 Bxd4 16. Qxd4 d5 17. Bxh5 gxh5 18. Rd3 Qf6 19. Rg3+ Kh8 20. Qd2 Bf5 21. Ne2 Be4 22. h3 Rg8 23. Rxg8+ Rxg8 24. Ng3 Bg6 25. c3 h4 26. Ne2 Rg7 27. Nd4 Bf7 28. Re1 c5 29. Ne2 Qg5 30. Qxg5 Rxg5 31. Nf4 d4 32. cxd4 cxd4 33. Re7 Rf5 34. Nd3 Bc4 35. Ne1 Rd5 36. Nf3 d3 37. Nd2 Ba6 38. f3 Rb5 39. b3 Rc5 40. Kf2 Rc2 41. Ke3 Rxa2 42. Re4 Ra1 43. Rxh4 Re1+ 44. Kd4 Re2 45. Kc3 Rxg2 46. Rf4 Rh2 47. h4 Kg7 48. b4 Kg6 49. Rg4+ Kh5 50. b5 Bxb5 51. Rg5+ Kxh4 52. Rxb5 b6 53. Kxd3 h5 54. Ke3 Rh1 55. Ne4 Ra1 56. Kf4 Ra4 57. Rb1 Kh3 58. Rh1+ Kg2 59. Rxh5 Ra3 60. Rg5+ Kf1 61. Rg7 a5 62. Rb7 Rb3 63. Nd2+ 1-0

[Event "Julius Baer WSCC Blitz"]
[Site "Chess.com INT"]
[Date "2024.08.23"]
[Round "1.8"]
[White "Shuvalova, Polina"]
[Black "Tan, Zhongyi"]
[Result "1-0"]
[WhiteElo "2487"]
[BlackElo "2545"]
[PlyCount "143"]
[EventDate "2024.08.22"]
[EventType "k.o. (blitz)"]
[EventRounds "16"]
[EventCountry "GER"]
[SourceTitle "CBM 221 Extra"]
[Source "ChessBase"]
[SourceDate "2024.09.30"]
[SourceVersion "1"]
[SourceVersionDate "2024.09.30"]
[SourceQuality "1"]

1. e4 e5 2. Nf3 Nc6 3. Nc3 Nf6 4. Bb5 Bb4 5. 0-0 0-0 6. d3 Bxc3 7. bxc3 d6 8. Re1 a6 9. Bxc6 bxc6 10. h3 h6 11. Nd2 Be6 12. Nf1 Re8 13. Ng3 c5 14. c4 Nd7 15. Bd2 Nb8 16. Rf1 Nc6 17. Kh2 Rb8 18. f4 exf4 19. Rxf4 Ne5 20. Bc3 f6 21. Nf5 Bxf5 22. Rxf5 Qd7 23. Qd2 Qa4 24. a3 Kh7 25. Rf2 Rb7 26. Qf4 Kh8 27. Qf5 Qd7 28. Qf4 Reb8 29. Re1 Rb1 30. Rxb1 Rxb1 31. Bxe5 dxe5 32. Qg3 Qd4 33. Qf3 Qa1 34. Qf5 Rb8 35. Qd7 Qxa3 36. Qxc7 Qb4 37. Rf3 Qb6 38. Qe7 a5 39. Rg3 Rg8 40. Qd7 Qa6 41. Qa4 Qa7 42. Rf3 Rb8 43. c3 Rd8 44. Re3 Qb6 45. Rf3 Kh7 46. Rg3 Qc7 47. Rf3 Rd6 48. Qe8 Qd8 49. Qb5 Rxd3 50. Rxd3 Qxd3 51. Qxc5 Qxe4 52. Qxa5 Qf4+ 53. Kh1 Qxc4 54. Qa1 e4 55. Qe1 f5 56. Kg1 f4 57. Qd2 e3 58. Qc2+ Kh8 59. Qf5 Kg8 60. Qg6 Qxc3 61. Qe8+ Kh7 62. Qe4+ g6 63. Qxf4 e2 64. Qf7+ Qg7 65. Qe6 Qd4+ 66. Kh1 Qd1+ 67. Kh2 h5 68. Qf7+ Kh6 69. Qf8+ Kg5 70. h4+ Kg4 71. Qf3+ Kxh4 72. Qf4# 1-0

[Event "Julius Baer WSCC Blitz"]
[Site "Chess.com INT"]
[Date "2024.08.23"]
[Round "1.10"]
[White "Shuvalova, Polina"]
[Black "Tan, Zhongyi"]
[Result "1-0"]
[WhiteElo "2487"]
[BlackElo "2545"]
[PlyCount "55"]
[EventDate "2024.08.22"]
[EventType "k.o. (blitz)"]
[EventRounds "16"]
[EventCountry "GER"]
[SourceTitle "CBM 221 Extra"]
[Source "ChessBase"]
[SourceDate "2024.09.30"]
[SourceVersion "1"]
[SourceVersionDate "2024.09.30"]
[SourceQuality "1"]

1. Nf3 d5 2. d4 c5 3. g3 Nc6 4. Bg2 Nf6 5. 0-0 cxd4 6. Nxd4 e5 7. Nxc6 bxc6 8. c4 Be6 9. Nc3 Rc8 10. Bg5 d4 11. Ne4 Be7 12. Bxf6 gxf6 13. Rc1 f5 14. Nd2 c5 15. Qc2 e4 16. f3 e3 17. Nb3 f4 18. gxf4 Qd7 19. Qe4 Bf5 20. Qe5 0-0 21. Kh1 Bd6 22. Qd5 Be6 23. Qg5+ Kh8 24. Qf6+ Kg8 25. Rg1 Rfd8 26. f5 Qe7 27. Bh3+ Kf8 28. Qh8# 1-0

[Event "Julius Baer WSCC Blitz"]
[Site "Chess.com INT"]
[Date "2024.08.23"]
[Round "1.12"]
[White "Shuvalova, Polina"]
[Black "Tan, Zhongyi"]
[Result "1/2-1/2"]
[WhiteElo "2487"]
[BlackElo "2545"]
[PlyCount "111"]
[EventDate "2024.08.22"]
[EventType "k.o. (blitz)"]
[EventRounds "16"]
[EventCountry "GER"]
[SourceTitle "CBM 221 Extra"]
[Source "ChessBase"]
[SourceDate "2024.09.30"]
[SourceVersion "1"]
[SourceVersionDate "2024.09.30"]
[SourceQuality "1"]

1. e4 d6 2. d4 Nf6 3. Nc3 g6 4. Nf3 a6 5. Bd3 Bg7 6. 0-0 0-0 7. h3 Nc6 8. a3 e5 9. dxe5 Nxe5 10. Nxe5 dxe5 11. Be3 Qe7 12. Bc4 Rd8 13. Qe2 Be6 14. Rfd1 b5 15. Bxe6 Qxe6 16. Rd3 Bf8 17. Rad1 Rxd3 18. Rxd3 c6 19. Qd2 Be7 20. f3 a5 21. Nd1 h5 22. Nf2 b4 23. axb4 axb4 24. Kh2 Ra2 25. b3 Ra1 26. Qe2 h4 27. Rd1 Ra2 28. Rd2 Nh5 29. Ng4 Ng3 30. Qe1 c5 31. Bf2 Qa6 32. Bxg3 Ra1 33. Rd1 hxg3+ 34. Kxg3 Ra2 35. Qd2 c4 36. bxc4 Qxc4 37. Ne3 Qe6 38. Qd5 Ra3 39. Qxe6 fxe6 40. Kf2 Bh4+ 41. Ke2 Rc3 42. Rd3 Rc5 43. Rb3 Bg5 44. Rb2 Bxe3 45. Kxe3 Rc4 46. Kd3 Rd4+ 47. Ke3 Kf7 48. Rb3 Kf6 49. Rb2 Kg5 50. g3 Rc4 51. Kd3 Rc3+ 52. Ke2 Rc4 53. Kd2 Rd4+ 54. Ke3 Rc4 55. Ke2 Rd4 56. Ke3 1/2-1/2

[Event "Julius Baer WSCC Blitz"]
[Site "Chess.com INT"]
[Date "2024.08.23"]
[Round "1.1"]
[White "Tan, Zhongyi"]
[Black "Shuvalova, Polina"]
[Result "0-1"]
[WhiteElo "2545"]
[BlackElo "2487"]
[PlyCount "102"]
[EventDate "2024.08.22"]
[EventType "k.o. (blitz)"]
[EventRounds "16"]
[EventCountry "GER"]
[SourceTitle "CBM 221 Extra"]
[Source "ChessBase"]
[SourceDate "2024.09.30"]
[SourceVersion "1"]
[SourceVersionDate "2024.09.30"]
[SourceQuality "1"]

1. e4 e5 2. Nf3 Nc6 3. Bb5 a6 4. Ba4 Nf6 5. 0-0 Be7 6. Re1 b5 7. Bb3 0-0 8. c3 d6 9. h3 Bb7 10. d4 Re8 11. Nbd2 Bf8 12. a3 g6 13. Bc2 Bg7 14. Nf1 a5 15. Ng3 h6 16. Bd3 exd4 17. cxd4 b4 18. Bb5 Re7 19. Qc2 Na7 20. Bd3 c5 21. axb4 cxb4 22. Bf4 Nc6 23. Qd2 Kh7 24. h4 Ba6 25. h5 Bxd3 26. Qxd3 Qd7 27. Rac1 Ng4 28. Re2 a4 29. Rec2 Na5 30. hxg6+ fxg6 31. Nh4 Nb3 32. e5 Qe8 33. Re1 Nxd4 34. Qxd4 dxe5 35. Qc5 Bf6 36. Nhf5 gxf5 37. Nxf5 Re6 38. Bg3 Qg6 39. Qc7+ Kh8 40. Nh4 Qg7 41. Qc5 Rae8 42. Nf5 Qg6 43. Nd6 Rxd6 44. Qxd6 Qxc2 45. Qd7 Qc8 46. Qxa4 Qb8 47. Qc6 h5 48. Rd1 Rd8 49. Rc1 Qd6 50. Qc4 Qd5 51. Qe4 Qxe4 0-1

[Event "Julius Baer WSCC Blitz"]
[Site "Chess.com INT"]
[Date "2024.08.23"]
[Round "1.3"]
[White "Tan, Zhongyi"]
[Black "Shuvalova, Polina"]
[Result "1-0"]
[WhiteElo "2545"]
[BlackElo "2487"]
[PlyCount "87"]
[EventDate "2024.08.22"]
[EventType "k.o. (blitz)"]
[EventRounds "16"]
[EventCountry "GER"]
[SourceTitle "CBM 221 Extra"]
[Source "ChessBase"]
[SourceDate "2024.09.30"]
[SourceVersion "1"]
[SourceVersionDate "2024.09.30"]
[SourceQuality "1"]

1. e4 e5 2. Nf3 Nc6 3. Bb5 a6 4. Ba4 Nf6 5. 0-0 Be7 6. Re1 b5 7. Bb3 0-0 8. c3 d6 9. h3 Bb7 10. d4 Re8 11. Nbd2 Bf8 12. a3 g6 13. Bc2 Bg7 14. Nf1 exd4 15. cxd4 Na5 16. Ng3 c5 17. d5 Nc4 18. Rb1 Nd7 19. b3 Ncb6 20. Bb2 Rc8 21. Bxg7 Kxg7 22. a4 Ba8 23. a5 Nxd5 24. exd5 Qxa5 25. Ne4 Qc7 26. Qd2 f6 27. h4 Nb6 28. Ra1 Bb7 29. Qa5 Bxd5 30. Rad1 Bxe4 31. Bxe4 d5 32. Bb1 Qc6 33. h5 Rcd8 34. Nh4 f5 35. Nf3 d4 36. Ne5 Qd6 37. Qxa6 Rb8 38. h6+ Kf6 39. f4 Re6 40. g4 fxg4 41. Qa7 Re7 42. Nxg4+ Kf7 43. Rxe7+ Qxe7 44. Ne5+ 1-0

[Event "Julius Baer WSCC Blitz"]
[Site "Chess.com INT"]
[Date "2024.08.23"]
[Round "1.5"]
[White "Tan, Zhongyi"]
[Black "Shuvalova, Polina"]
[Result "1/2-1/2"]
[WhiteElo "2545"]
[BlackElo "2487"]
[PlyCount "159"]
[EventDate "2024.08.22"]
[EventType "k.o. (blitz)"]
[EventRounds "16"]
[EventCountry "GER"]
[SourceTitle "CBM 221 Extra"]
[Source "ChessBase"]
[SourceDate "2024.09.30"]
[SourceVersion "1"]
[SourceVersionDate "2024.09.30"]
[SourceQuality "1"]

1. e4 e5 2. Nf3 Nc6 3. Bb5 a6 4. Ba4 Nf6 5. 0-0 Be7 6. Re1 b5 7. Bb3 0-0 8. c3 d6 9. h3 Re8 10. Ng5 Rf8 11. Nf3 Re8 12. d4 Bf8 13. Nbd2 Bb7 14. a3 h6 15. Ba2 Qd7 16. b4 g6 17. Bb2 Bg7 18. d5 Ne7 19. c4 c6 20. Qb3 Rad8 21. c5 cxd5 22. cxd6 Nc6 23. exd5 Nd4 24. Nxd4 Bxd5 25. Qg3 Bxa2 26. Rxe5 Rxe5 27. Qxe5 Bd5 28. N2b3 Qxd6 29. Qxd6 Rxd6 30. Nc5 Bc4 31. Nf3 Nd7 32. Bxg7 Kxg7 33. Nxd7 Rxd7 34. Ne5 Rd4 35. Nxc4 Rxc4 36. Kf1 Rc3 37. Ke2 Rc2+ 38. Ke3 Rb2 39. Rd1 h5 40. Rd6 Rb3+ 41. Rd3 Rb2 42. Rd6 Rb3+ 43. Rd3 Rb2 44. g3 h4 45. gxh4 Ra2 46. Kf3 Kh6 47. Re3 f5 48. Kg3 Ra1 49. Rd3 Kh5 50. f3 Rg1+ 51. Kf2 Ra1 52. Kg3 Ra2 53. Rd8 Kh6 54. Rd3 Ra1 55. Kf4 Rh1 56. Rd8 Rxh3 57. Ke5 Rxf3 58. Rh8+ Kg7 59. Ra8 Re3+ 60. Kf4 Rh3 61. Rxa6 Rxh4+ 62. Ke5 Re4+ 63. Kd5 Re3 64. Ra5 f4 65. Rxb5 Rxa3 66. Rb7+ Kf6 67. Rb8 f3 68. b5 Kf5 69. b6 Rb3 70. b7 g5 71. Rf8+ Kg4 72. b8Q Rxb8 73. Rxb8 f2 74. Rf8 Kg3 75. Ke4 Kg2 76. Ke3 f1Q 77. Rxf1 Kxf1 78. Kf3 Ke1 79. Kg4 Ke2 80. Kxg5 1/2-1/2

[Event "Julius Baer WSCC Blitz"]
[Site "Chess.com INT"]
[Date "2024.08.23"]
[Round "1.7"]
[White "Tan, Zhongyi"]
[Black "Shuvalova, Polina"]
[Result "1-0"]
[WhiteElo "2545"]
[BlackElo "2487"]
[PlyCount "61"]
[EventDate "2024.08.22"]
[EventType "k.o. (blitz)"]
[EventRounds "16"]
[EventCountry "GER"]
[SourceTitle "CBM 221 Extra"]
[Source "ChessBase"]
[SourceDate "2024.09.30"]
[SourceVersion "1"]
[SourceVersionDate "2024.09.30"]
[SourceQuality "1"]

1. e4 c6 2. d4 d5 3. e5 Bf5 4. h4 h5 5. c4 e6 6. Nc3 Ne7 7. Nge2 dxc4 8. Ng3 Bg6 9. Bxc4 Nd5 10. Nce4 Nd7 11. 0-0 Be7 12. Bg5 f6 13. exf6 gxf6 14. Bd2 Qc7 15. Re1 0-0-0 16. Nc3 N7b6 17. Bb3 Bf7 18. a4 a5 19. Nge4 Rhg8 20. Qf3 Rg4 21. Rac1 Rdg8 22. g3 f5 23. Ng5 Bxg5 24. Bxg5 Rxd4 25. Nb5 cxb5 26. Rxc7+ Nxc7 27. Be3 Rd6 28. Bf4 Rc6 29. Bxc7 Rxc7 30. axb5 Rg4 31. Bxe6+ 1-0

[Event "Julius Baer WSCC Blitz"]
[Site "Chess.com INT"]
[Date "2024.08.23"]
[Round "1.9"]
[White "Tan, Zhongyi"]
[Black "Shuvalova, Polina"]
[Result "1/2-1/2"]
[WhiteElo "2545"]
[BlackElo "2487"]
[PlyCount "89"]
[EventDate "2024.08.22"]
[EventType "k.o. (blitz)"]
[EventRounds "16"]
[EventCountry "GER"]
[SourceTitle "CBM 221 Extra"]
[Source "ChessBase"]
[SourceDate "2024.09.30"]
[SourceVersion "1"]
[SourceVersionDate "2024.09.30"]
[SourceQuality "1"]

1. e4 e5 2. Nf3 Nc6 3. Bb5 a6 4. Ba4 Nf6 5. 0-0 Be7 6. Re1 b5 7. Bb3 0-0 8. c3 d6 9. h3 Re8 10. d4 Bb7 11. Nbd2 Bf8 12. Bc2 h6 13. a3 Nb8 14. b4 Nbd7 15. Bd3 c6 16. Nf1 Qc7 17. Ng3 Rad8 18. Qc2 g6 19. Be3 Bg7 20. a4 d5 21. Nxe5 Nxe5 22. dxe5 Nxe4 23. Nxe4 dxe4 24. Bxe4 Qxe5 25. Bd4 Qc7 26. Bxg7 Kxg7 27. axb5 cxb5 28. Bxb7 Qxb7 29. Rxe8 Rxe8 30. Qd3 Re6 31. Qd4+ Kh7 32. Rd1 Qe7 33. g3 h5 34. h4 Re1+ 35. Rxe1 Qxe1+ 36. Kg2 Qe6 37. Kf3 Qc6+ 38. Ke3 Qe6+ 39. Qe4 Qb3 40. Qc6 Qc2 41. Qc7 Qc1+ 42. Ke2 Qc2+ 43. Ke3 Qc1+ 44. Ke2 Qc2+ 45. Ke3 1/2-1/2

[Event "Julius Baer WSCC Blitz"]
[Site "Chess.com INT"]
[Date "2024.08.23"]
[Round "1.11"]
[White "Tan, Zhongyi"]
[Black "Shuvalova, Polina"]
[Result "0-1"]
[WhiteElo "2545"]
[BlackElo "2487"]
[PlyCount "98"]
[EventDate "2024.08.22"]
[EventType "k.o. (blitz)"]
[EventRounds "16"]
[EventCountry "GER"]
[SourceTitle "CBM 221 Extra"]
[Source "ChessBase"]
[SourceDate "2024.09.30"]
[SourceVersion "1"]
[SourceVersionDate "2024.09.30"]
[SourceQuality "1"]

1. e4 e5 2. Nf3 Nc6 3. Bb5 a6 4. Ba4 Nf6 5. 0-0 Be7 6. Re1 b5 7. Bb3 0-0 8. c3 Na5 9. Bc2 d5 10. exd5 e4 11. Ne5 Qxd5 12. d4 exd3 13. Qxd3 Bb7 14. Qxd5 Bxd5 15. Nd2 Rfe8 16. Ndf3 Bd6 17. Bg5 h6 18. Bh4 Re6 19. Bg3 Rae8 20. Bf5 R6e7 21. Nd3 g6 22. Bxd6 cxd6 23. Bh3 Bxf3 24. gxf3 Nc4 25. Rxe7 Rxe7 26. Rd1 d5 27. b3 Ne5 28. Nxe5 Rxe5 29. Bg2 Nh5 30. Kf1 Nf4 31. Rd4 g5 32. h4 Kg7 33. hxg5 hxg5 34. a4 Re6 35. axb5 axb5 36. Bh1 Ra6 37. Rd1 Ra2 38. Bg2 Rb2 39. b4 Rc2 40. Kg1 Rxc3 41. Bf1 Rxf3 42. Bxb5 Rb3 43. Bc6 d4 44. b5 d3 45. Kf1 Rb2 46. f3 Kf6 47. Ke1 Ng2+ 48. Kf1 Ne3+ 49. Ke1 Re2# 0-1